Bespectacled Movie Characters Quiz Stats

Quiz Updated Apr 12, 2016

Challenge
Share
Tweet
Score 0/24 Timer 07:00
2 Plays Today
% Correct
Harry Potter Series
97.2%
Austin Powers Series
91.9%
Superman Series
87.2%
Napoleon Dynamite
83%
Chicken Little
79.2%
Jurassic Park
73.5%
The Princess Diaries
71.2%
A Christmas Story
70.7%
Peter Pan
69.8%
Spaceballs
67.4%
Little Miss Sunshine
66.6%
Superbad
66.3%
% Correct
Office Space
65.9%
The Amazing Spiderman
56.4%
The Goonies
43.2%
Cloudy With a Chance of Meatballs
40%
My Big Fat Greek Wedding
38.4%
The Talented Mr. Ripley
35.3%
Rocky
34.5%
Revenge of the Nerds
34.2%
Die Hard: With a Vengeance
29.5%
She's All That
27.9%
The Godfather
17.7%
How to Marry a Millionaire
8.8%

You're not logged in!

Compare scores with friends on all Sporcle quizzes.
Join for Free
OR
Log In

You Might Also Like...

Show Comments

Extras

Top Quizzes Today


Score Distribution

Your Account Isn't Verified!

In order to create a playlist on Sporcle, you need to verify the email address you used during registration. Go to your Sporcle Settings to finish the process.

Report this User

Report this user for behavior that violates our Community Guidelines.

Details: